| 000 | 00570nam a22001937a 4500 | ||
|---|---|---|---|
| 003 | KOHA_MİRAKIL | ||
| 005 | 20251224170035.0 | ||
| 008 | 251224b tu ||||| |||| 00| 0 tur d | ||
| 020 | _a9789751749185 | ||
| 040 |
_aTR-AnABB _btur _cTR-AnABB |
||
| 041 | _atur | ||
| 082 |
_a961.202 _bATA 2021 |
||
| 100 | 1 | _aAtabaş, Cemal, | |
| 245 | 1 | 0 |
_aTrablusgarp Eyaleti'nde merkezi idarenin tesisi ve Şeyh Cuma isyanı / _cCemal Atabaş |
| 260 |
_aAnkara : _bTürk Hava Kurumu, _c2021 |
||
| 300 |
_a442 sayfa ; _c24 cm |
||
| 650 | 0 | 4 | _aTrablusgarp |
| 942 |
_2ddc _cBK |
||
| 999 |
_c9978 _d9978 |
||
| 900 | _bGizem YORULMAZ | ||